| 000 | 01003nam a2200301 i 4500 | ||
|---|---|---|---|
| 001 | bg | ||
| 100 | 1 |
_aHoffmann, Ernst T. A. _d(1776-1822). |
|
| 245 | 1 | 0 |
_aDiable eliksiry / _cE. T. A. Hoffmann ; tł. Ludwik Eminowicz. |
| 246 | 1 |
_iTyt. oryg.: _aElixire des Teufels |
|
| 260 |
_a[s.l.] : _bMediasat Group, _c2005. |
||
| 300 |
_a318, [1] s. ; _c21 cm. |
||
| 490 | 1 |
_aBiblioteka Gazety Wyborczej : XIX wiek ; _v24 |
|
| 500 | _aTyt. oryg.: "Die Elixiere des Teufels" | ||
| 500 | _aWyd. we współpr. merytorycznej z Zakładem Narodowym im. Ossolińskich - Wydawnictwo, Wrocław. | ||
| 650 | 9 |
_aPowieść niemiecka _y19 w. |
|
| 700 | 1 |
_aEminowicz, Ludwik. _eTł. |
|
| 830 | 0 |
_aBiblioteka Gazety Wyborczej ; _v24 |
|
| 020 | _a8498191645 (całość) | ||
| 020 | _a8498191955 | ||
| 040 | _cBPK | ||
| 041 | 1 |
_apol _hger |
|
| 044 | _aPOL | ||
| 080 | _a821.112.2-3 | ||
| 920 | _a84-9819-164-5 (całość) | ||
| 920 | _a84-9819-195-5 | ||
| 942 | _cKS | ||
| 008 | s pl f |000 0 pol | ||
| 999 |
_c55711 _d55711 |
||
| 856 |
_uhttp://koha.tu.koszalin.pl/cgi-bin/koha/opac-detail.pl?biblionumber=55711 _yKatalog online BPK |
||